000 00359nam a2200133Ia 4500
008 191014s9999 xx 000 0 und d
020 _a0-521-37760-9
082 _a520.151
_bISL
100 _aJ.N. Islam
_920388
245 3 _aAn Introduction to Mathematical Cosmology
260 _aUK
_bCambridge University Press
_c1991
300 _aXii,190
942 _cBK
999 _c530967
_d530967